| 000 | 00471nam a2200181Ia 4500 | ||
|---|---|---|---|
| 008 | 180207s9999 xx 000 0 und d | ||
| 020 | _a439409802 | ||
| 050 | _bR778 2003 | ||
| 100 | _aRoop, Connie | ||
| 245 | _aOver in the rain forest / | ||
| 245 | _cConnie Roop and Peter Coop ; illustrated by Carol Schwartz. | ||
| 260 | _aNew York : | ||
| 260 | _bScholastic, | ||
| 260 | _c2003 | ||
| 300 | _aunpaged : | ||
| 300 | _bcolor illustration ; | ||
| 300 | _c21cm. | ||
| 999 |
_c355385 _d355385 |
||